00882nam a2200217 a 4500001001000000003000500010005001700015008004100032010001100073011001100084040000900095100003000104245018300134260004100317500006000358502007700418650004900495650002500544650002500569856007000594000114494CHAP20220329144444.0180206s2017 mx a fsm |||||||spa d a110955 a111927 cCHAP1 aGómez Díaz, Rigoberto10aComplementación de macro y micro nutrimentos en una solución acuapónica para el cultivo de jitomate (Solanum lycopersicum L.) /h[En línea]cpor Rigoberto Gómez Díaz. aChapingo, Méx. :bEl autor,c2017. aPara ver el contenido del material haga clic en la liga aTesis (Ing. Agr. Esp. en Fitotecnia) -- UACH. Departamento de Fitotecnia14aTomatexCultivos acuapónicosxRendimiento.14aTomatexNutrición.14aTomatexRendimiento. aFinding aiduhttp://10.13.5.2/tesis/sist114494.pdfzTeclea aquí